introduction to entrepreneurship studies (Record no. 3628)

MARC details
000 -LEADER
fixed length control field 00436nam a22001457a 4500
008 - FIXED-LENGTH DATA ELEMENTS--GENERAL INFORMATION
fixed length control field 250522b |||||||| |||| 00| 0 eng d
020 ## - INTERNATIONAL STANDARD BOOK NUMBER
ISBN 9788-9784998802
100 ## - MAIN ENTRY--AUTHOR
Author Nzelibe, Chineto Grace
245 ## - TITLE STATEMENT
Title introduction to entrepreneurship studies
Remainder of title Theory and practical Application
260 ## - PUBLICATION, DISTRIBUTION, ETC. (IMPRINT)
Place of publication Kaduna
Name of publisher Joyce graphic printers & publishers
300 ## - COLLATION
Pagination x, 275
Other physical details ill
650 ## - TRACINGS
Main Subject entrepreneurship
942 ## - ADDED ENTRY ELEMENTS (KOHA)
Item type Books
050 ## - LIBRARY OF CONGRESS CALL NUMBER
Classification number HB616
Item number .I58
Holdings
Source of classification or shelving scheme Not for loan Permanent location Current location Date acquired Accession No. Full call number Barcode. Koha item type
Library of Congress Classification   Samuel Ogbemudia Main Library, University of Abuja Samuel Ogbemudia Main Library, University of Abuja 05/22/2025 2023/61368-71 HB616.I58 2025-2106 Books
Library of Congress Classification   Samuel Ogbemudia Main Library, University of Abuja Samuel Ogbemudia Main Library, University of Abuja 05/22/2025 2023/61368-71 HB616.I58 2025-2107 Books
Library of Congress Classification   Samuel Ogbemudia Main Library, University of Abuja Samuel Ogbemudia Main Library, University of Abuja 05/22/2025 2023/61368-71 HB616.I58 2025-2108 Books
Library of Congress Classification   Samuel Ogbemudia Main Library, University of Abuja Samuel Ogbemudia Main Library, University of Abuja 05/22/2025 2023/61368-71 HB616.I58 2025-2109 Books